[Event "St Veit op 42nd"]
[Site "St Veit"]
[Date "2023.07.10"]
[Round "4"]
[White "Praxmarer, Christian"]
[Black "Heinisch, Wolfgang"]
[Result "0-1"]
[WhiteElo "1974"]
[BlackElo "1837"]
[PlyCount "68"]
[EventDate "2023.07.08"]
[EventType "swiss"]
[EventRounds "9"]
[EventCountry "AUT"]
[SourceTitle "CBM 215 Extra"]
[Source "ChessBase"]
[SourceDate "2023.09.30"]
[SourceVersion "1"]
[SourceVersionDate "2023.09.30"]
[SourceQuality "1"]

1. f4 d5 2. Nf3 Nf6 3. e3 c5 4. Be2 Nc6 5. 0-0 e6 6. a4 Be7 7. Ne5 0-0 8. Nxc6 bxc6 9. d3 a5 10. Nd2 Qc7 11. b3 Rb8 12. Ba3 e5 13. f5 Bd6 14. e4 c4 15. Bxd6 Qxd6 16. Kh1 cxd3 17. Bxd3 Rb6 18. Qe1 Rb4 19. Rd1 Re8 20. Qe3 dxe4 21. Nxe4 Nxe4 22. Bxe4 Rd4 23. Qf3 Bd7 24. c3 Rxd1 25. Rxd1 Qe7 26. Rxd7 Qxd7 27. Bxc6 Qd2 28. h3 Qc1+ 29. Kh2 Rd8 30. b4 Rd1 31. bxa5 Rh1+ 32. Kg3 Qg5+ 33. Qg4 Qe3+ 34. Bf3 Qe1# 0-1

[Event "Arco op 44th"]
[Site "Arco"]
[Date "2022.10.12"]
[Round "5"]
[White "Heinisch, Wolfgang"]
[Black "Schleime, Franz Josef"]
[Result "1-0"]
[WhiteElo "1792"]
[BlackElo "1636"]
[PlyCount "61"]
[EventDate "2022.10.08"]
[EventType "swiss"]
[EventRounds "9"]
[EventCountry "ITA"]
[SourceTitle "CBM 210 Extra"]
[Source "ChessBase"]
[SourceDate "2022.11.30"]
[SourceVersion "1"]
[SourceVersionDate "2022.11.30"]
[SourceQuality "1"]

1. e4 c5 2. Nc3 d6 3. f4 Nf6 4. Nf3 Bg4 5. h3 Bxf3 6. Qxf3 Nc6 7. Bb5 Rc8 8. 0-0 a6 9. Bxc6+ Rxc6 10. d3 e6 11. Be3 Be7 12. e5 Nd7 13. exd6 Bxd6 14. Ne4 Nf6 15. f5 e5 16. Qg3 Rg8 17. Nxf6+ Qxf6 18. Bg5 e4 19. Qe3 Qd4 20. dxe4 f6 21. c3 Qc4 22. b3 Qf7 23. Bf4 c4 24. Bxd6 Rxd6 25. Rfd1 Qd7 26. Rxd6 Qxd6 27. bxc4 Kf7 28. Rb1 Rb8 29. c5 Qd7 30. Qd4 Qc6 31. Rb6 1-0

[Event "Feffernitz op 27th"]
[Site "Feffernitz"]
[Date "2018.08.21"]
[Round "4"]
[White "Strobel, Matthias"]
[Black "Heinisch, Wolfgang"]
[Result "1-0"]
[WhiteElo "2084"]
[BlackElo "1869"]
[PlyCount "79"]
[EventDate "2018.08.19"]
[EventType "swiss"]
[EventRounds "9"]
[EventCountry "AUT"]
[SourceTitle "CBM 186 Extra"]
[Source "ChessBase"]
[SourceDate "2018.08.24"]
[SourceVersion "1"]
[SourceVersionDate "2018.08.24"]
[SourceQuality "1"]

1. d4 g6 2. c4 Bg7 3. Nc3 c5 4. e3 Nf6 5. Nf3 0-0 6. Be2 cxd4 7. exd4 d5 8. 0-0 Nc6 9. Bg5 dxc4 10. d5 Na5 11. Re1 h6 12. Bxf6 exf6 13. Nd2 a6 14. Nxc4 Nxc4 15. Bxc4 b5 16. Bb3 Qd6 17. Rc1 f5 18. Qe2 Bf6 19. Rc2 Bd7 20. Qd3 Rac8 21. a3 Kg7 22. Qg3 Qxg3 23. hxg3 g5 24. Rcc1 Rfe8 25. Rxe8 Rxe8 26. Kf1 a5 27. d6 Rc8 28. Re1 Re8 29. Rd1 b4 30. axb4 axb4 31. Na4 Bb5+ 32. Kg1 Rd8 33. Nc5 Be5 34. Nb7 Rd7 35. Rd5 Bc6 36. Rxe5 Bxb7 37. Rxf5 f6 38. Rb5 Bc6 39. Rb6 Rxd6 40. Ba4 1-0

[Event "Feffernitz op 27th"]
[Site "Feffernitz"]
[Date "2018.08.19"]
[Round "2"]
[White "Koller, Hans Juergen"]
[Black "Heinisch, Wolfgang"]
[Result "1-0"]
[WhiteElo "2168"]
[BlackElo "1869"]
[PlyCount "63"]
[EventDate "2018.08.19"]
[EventType "swiss"]
[EventRounds "9"]
[EventCountry "AUT"]
[SourceTitle "CBM 186 Extra"]
[Source "ChessBase"]
[SourceDate "2018.08.24"]
[SourceVersion "1"]
[SourceVersionDate "2018.08.24"]
[SourceQuality "1"]

1. d4 d6 2. c4 Nf6 3. Nc3 g6 4. Nf3 Bg7 5. g3 0-0 6. Bg2 Nbd7 7. 0-0 c6 8. e4 e5 9. h3 Qc7 10. Be3 h6 11. Rc1 exd4 12. Nxd4 Ne5 13. b3 g5 14. f4 gxf4 15. gxf4 Ng6 16. Qe1 Qa5 17. f5 Ne5 18. Nd5 Qd8 19. Nf4 Kh7 20. Rd1 Rg8 21. Kh1 Qe8 22. Nde2 d5 23. cxd5 cxd5 24. Nxd5 Nxd5 25. Rxd5 Bf6 26. Nf4 Qc6 27. Nh5 Bd7 28. Bd4 Rxg2 29. Kxg2 Rg8+ 30. Kh1 Ng4 31. Nxf6+ Nxf6 32. Bxf6 1-0

[Event "Weiz op 16th"]
[Site "Weiz"]
[Date "2017.06.15"]
[Round "1.6"]
[White "Leitner, Gerald"]
[Black "Heinisch, Wolfgang"]
[Result "1-0"]
[WhiteElo "2096"]
[BlackElo "1906"]
[PlyCount "81"]
[EventDate "2017.06.15"]
[EventType "swiss"]
[EventRounds "5"]
[EventCountry "AUT"]
[SourceTitle "EXT 2024"]
[Source "ChessBase"]
[SourceDate "2023.10.10"]
[SourceVersion "1"]
[SourceVersionDate "2023.10.10"]
[SourceQuality "1"]

1. Nf3 d6 2. d4 Nf6 3. c4 g6 4. Nc3 Bg7 5. e4 0-0 6. h3 Nc6 7. Be3 e6 8. Be2 Ne7 9. g4 Nd7 10. Qd2 c5 11. d5 e5 12. 0-0-0 a6 13. Kb1 b5 14. cxb5 axb5 15. Bxb5 Nb6 16. Qe2 Bb7 17. Nd2 f5 18. gxf5 gxf5 19. Bg5 Qc7 20. Rhg1 Kh8 21. f3 Ng6 22. Qe1 fxe4 23. fxe4 Nf4 24. Qh4 Ba6 25. Bxa6 Rxa6 26. Rdf1 Na4 27. Nxa4 Rxa4 28. Bh6 Bf6 29. Rxf4 exf4 30. Qxf4 Rf7 31. Qg4 Bg7 32. Bf4 Qd7 33. Qg3 Qb5 34. b3 Rxa2 35. Kxa2 Ra7+ 36. Kb1 Ra1+ 37. Kc2 Ra2+ 38. Kc1 Ra1+ 39. Nb1 Ra7 40. Bxd6 Qe2 41. Be5 1-0

[Event "Leitersdorf Region-ch"]
[Site "Leitersdorf"]
[Date "2017.01.04"]
[Round "1.12"]
[White "Heinisch, Wolfgang"]
[Black "Koenig, Josef1111"]
[Result "1-0"]
[WhiteElo "1906"]
[BlackElo "1452"]
[PlyCount "99"]
[EventDate "2017.01.04"]
[EventType "swiss"]
[EventRounds "5"]
[EventCountry "AUT"]
[SourceTitle "EXT 2024"]
[Source "ChessBase"]
[SourceDate "2023.10.10"]
[SourceVersion "1"]
[SourceVersionDate "2023.10.10"]
[SourceQuality "1"]

1. c4 Nf6 2. g3 e6 3. Bg2 d5 4. Nf3 c6 5. 0-0 Be7 6. Na3 0-0 7. b3 Nbd7 8. Bb2 Bd6 9. d4 Qe7 10. c5 Bc7 11. b4 a6 12. Nc2 e5 13. dxe5 Nxe5 14. Nxe5 Bxe5 15. Nd4 Bd7 16. Re1 Be6 17. Qc2 Bxd4 18. Bxd4 Rfe8 19. Qb2 Bf5 20. a4 Qd8 21. f3 Re6 22. b5 Qc8 23. b6 Qd7 24. Rad1 Rae8 25. e3 Qe7 26. h3 Nd7 27. Qc3 Qf8 28. g4 Bg6 29. f4 f5 30. Bf3 Nf6 31. Be5 Nd7 32. Bd4 Nf6 33. Rd2 Ne4 34. Bxe4 Rxe4 35. Rf2 R4e7 36. Be5 Qf7 37. Rg2 Qe6 38. Kh2 Rf7 39. Reg1 Ree7 40. a5 Rd7 41. h4 h6 42. gxf5 Bxf5 43. Bxg7 Kh7 44. Bh8 Qe7 45. Rg7+ Rxg7 46. Rxg7+ Qxg7 47. Bxg7 Rxg7 48. Qe5 Bg4 49. e4 dxe4 50. Qxe4+ 1-0

[Event "Leitersdorf op"]
[Site "Leitersdorf"]
[Date "2016.01.02"]
[Round "1"]
[White "Heinisch, Wolfgang"]
[Black "Koenig, Josef"]
[Result "1/2-1/2"]
[WhiteElo "1860"]
[BlackElo "1512"]
[PlyCount "109"]
[EventDate "2016.01.02"]
[EventType "swiss"]
[EventRounds "5"]
[EventCountry "AUT"]
[SourceTitle "CBM 170 Extra"]
[Source "ChessBase"]
[SourceDate "2016.02.25"]
[SourceVersion "1"]
[SourceVersionDate "2016.02.25"]
[SourceQuality "1"]

1. e4 e6 2. b3 d5 3. Bb2 dxe4 4. Nc3 Nf6 5. Qe2 Nbd7 6. Nxe4 Nxe4 7. Qxe4 Nf6 8. Qf3 Qd5 9. Bc4 Qe4+ 10. Qxe4 Nxe4 11. f3 Nd6 12. Bd3 f6 13. 0-0-0 Bd7 14. Ne2 0-0-0 15. Rhe1 e5 16. Nc3 Bf5 17. Ne4 Nxe4 18. Bxe4 Bxe4 19. Rxe4 Bd6 20. Rde1 Rd7 21. g3 Rhd8 22. d3 c6 23. Bc3 Bc7 24. Kb2 c5 25. a4 a5 26. Rh4 h6 27. Rc4 b6 28. f4 exf4 29. gxf4 Rf8 30. h3 Kd8 31. f5 Rd5 32. Rg4 Rf7 33. Reg1 Rdd7 34. d4 Bd6 35. R1g2 Bf8 36. dxc5 Bxc5 37. b4 axb4 38. Bxb4 Bxb4 39. Rxb4 Kc7 40. Rc4+ Kb7 41. Rcg4 Rfe7 42. R2g3 Ka6 43. Kb3 Re5 44. Rf4 Rdd5 45. Rgf3 Ka5 46. c3 Rc5 47. c4 Re1 48. Rg4 Rb1+ 49. Ka2 Rb4 50. Rxg7 Rxa4+ 51. Kb3 Raxc4 52. Rg6 Rb4+ 53. Ka3 Ra4+ 54. Kb2 Rb4+ 55. Ka3 1/2-1/2

[Event "Leitersdorf Region-ch"]
[Site "Leitersdorf"]
[Date "2014.01.06"]
[Round "5"]
[White "Lafer, David"]
[Black "Heinisch, Wolfgang"]
[Result "0-1"]
[WhiteElo "1700"]
[BlackElo "1934"]
[PlyCount "72"]
[EventDate "2014.01.02"]
[EventType "swiss"]
[EventRounds "5"]
[EventCountry "AUT"]
[SourceTitle "CBM 158 Extra"]
[Source "ChessBase"]
[SourceDate "2014.02.28"]
[SourceVersion "1"]
[SourceVersionDate "2014.02.28"]
[SourceQuality "1"]

1. e4 g6 2. d4 d6 3. c4 Nf6 4. Nc3 Bg7 5. Be3 0-0 6. Nge2 c6 7. d5 Nbd7 8. Nd4 c5 9. Nf3 Ng4 10. Qd2 Nxe3 11. Qxe3 a6 12. Be2 Rb8 13. 0-0 Ne5 14. Nxe5 Bxe5 15. Kh1 Bd7 16. f4 Bd4 17. Qg3 b5 18. b3 b4 19. Na4 Bxa4 20. bxa4 Bxa1 21. Rxa1 Qd7 22. Bd1 e5 23. f5 f6 24. Bh5 Qg7 25. fxg6 f5 26. gxh7+ Kxh7 27. Qh4 Qf6 28. Qh3 fxe4 29. g3 b3 30. axb3 Qh6 31. Qg4 e3 32. Qd7+ Kh8 33. Bg4 Rf2 34. h4 e2 35. Kg1 Qe3 36. Re1 Qxg3+ 0-1

[Event "Leitersdorf Region-ch"]
[Site "Leitersdorf"]
[Date "2014.01.02"]
[Round "1"]
[White "Heinisch, Wolfgang"]
[Black "Niesswohl, Werner"]
[Result "1-0"]
[WhiteElo "1934"]
[BlackElo "1623"]
[PlyCount "59"]
[EventDate "2014.01.02"]
[EventType "swiss"]
[EventRounds "5"]
[EventCountry "AUT"]
[SourceTitle "CBM 158 Extra"]
[Source "ChessBase"]
[SourceDate "2014.02.28"]
[SourceVersion "1"]
[SourceVersionDate "2014.02.28"]
[SourceQuality "1"]

1. e4 e5 2. Nf3 Nc6 3. Bb5 a6 4. Bxc6 dxc6 5. d4 exd4 6. Qxd4 Qxd4 7. Nxd4 c5 8. Ne2 Nf6 9. f3 Be7 10. Bf4 c6 11. Nbc3 0-0 12. Na4 Nd7 13. 0-0-0 b5 14. Nac3 Nb6 15. Bd6 Re8 16. Bxe7 Be6 17. Bxc5 Nc4 18. b3 Na5 19. Nf4 Nb7 20. Nxe6 Rxe6 21. Bf2 c5 22. Rd7 Na5 23. Rhd1 Kf8 24. Rd8+ Rxd8 25. Rxd8+ Ke7 26. Rd5 c4 27. Bc5+ Ke8 28. Rd6 Re5 29. Nd5 f5 30. Bd4 1-0

[Event "Leitersdorf Region-ch"]
[Site "Leitersdorf"]
[Date "2013.01.04"]
[Round "3"]
[White "Heinisch, Wolfgang"]
[Black "Hartinger, Heinz"]
[Result "0-1"]
[WhiteElo "1951"]
[BlackElo "1958"]
[PlyCount "104"]
[EventDate "2013.01.02"]
[EventType "swiss"]
[EventRounds "5"]
[EventCountry "AUT"]
[SourceTitle "CBM 152 Extra"]
[Source "ChessBase"]
[SourceDate "2013.02.25"]
[SourceVersion "1"]
[SourceVersionDate "2013.02.25"]
[SourceQuality "1"]

1. e4 e6 2. b3 d5 3. Bb2 d4 4. Nf3 c5 5. Bd3 Nc6 6. 0-0 e5 7. h3 Bd6 8. Na3 Nge7 9. Nc4 Bc7 10. a4 Ng6 11. Ba3 b6 12. Re1 Qf6 13. Bf1 Nf4 14. d3 0-0 15. Bc1 Re8 16. Nh2 Qg6 17. Bxf4 exf4 18. Qf3 Be6 19. Be2 Bxc4 20. bxc4 Nb4 21. Rec1 Rac8 22. Qg4 Qf6 23. Nf1 Rf8 24. Qf3 Rce8 25. Nh2 Re7 26. Bf1 Rfe8 27. Qd1 Qd6 28. Qg4 Re6 29. Nf3 Nc6 30. Nh2 Rg6 31. Qf3 Qf6 32. Qd1 Qh4 33. Ng4 h5 34. Nh2 Qxh3 35. Qf3 Qh4 36. Be2 Re5 37. Kh1 Qf6 38. Qh3 Qd8 39. Nf3 Ree6 40. Kh2 Rh6 41. Kg1 g5 42. Qf5 g4 43. Ng5 Ref6 44. Qd5 Rhg6 45. e5 Qxd5 46. cxd5 Nxe5 47. Ne4 Rf5 48. c3 dxc3 49. Rxc3 f3 50. d6 Bxd6 51. Nxd6 Rxd6 52. Bf1 Nc6 0-1

[Event "Leitersdorf Region-ch"]
[Site "Leitersdorf"]
[Date "2012.01.03"]
[Round "1"]
[White "Schachinger, Mario"]
[Black "Heinisch, Wolfgang"]
[Result "1-0"]
[WhiteElo "2386"]
[BlackElo "1951"]
[PlyCount "37"]
[EventDate "2012.01.03"]
[EventType "swiss"]
[EventRounds "5"]
[EventCountry "AUT"]
[SourceTitle "EXT 2013"]
[Source "ChessBase"]
[SourceDate "2012.11.22"]
[SourceVersion "1"]
[SourceVersionDate "2012.11.22"]
[SourceQuality "1"]

1. Nf3 Nf6 2. c4 d6 3. d4 g6 4. g3 Bg7 5. Bg2 0-0 6. 0-0 Nc6 7. Nc3 e5 8. d5 Ne7 9. e4 Nd7 10. Ne1 f5 11. Nd3 Nf6 12. f4 Nxe4 13. Nxe4 fxe4 14. Bxe4 Bh3 15. Re1 Nf5 16. Nf2 exf4 17. Nxh3 fxg3 18. hxg3 Nxg3 19. Qg4 1-0

[Event "Steyr-ch"]
[Site "Lannach"]
[Date "2010.06.03"]
[Round "1.2"]
[White "Singer, Richard"]
[Black "Heinisch, Wolfgang"]
[Result "1-0"]
[WhiteElo "2268"]
[BlackElo "1913"]
[PlyCount "55"]
[EventDate "2010.06.03"]
[EventType "swiss"]
[EventRounds "16"]
[EventCountry "AUT"]
[SourceTitle "EXT 2024"]
[Source "ChessBase"]
[SourceDate "2023.10.10"]
[SourceVersion "1"]
[SourceVersionDate "2023.10.10"]
[SourceQuality "1"]

1. d4 Nf6 2. c4 g6 3. Nc3 Bg7 4. e4 d6 5. Nf3 0-0 6. h3 Na6 7. Bg5 c5 8. d5 h6 9. Be3 Rb8 10. Bd3 Bd7 11. 0-0 Nc7 12. Qd2 b5 13. Bxh6 bxc4 14. Bxg7 Kxg7 15. Bxc4 Qc8 16. Ng5 Rb4 17. b3 Rh8 18. Qe3 Nh7 19. f4 f6 20. Nxh7 Rxh7 21. Rf3 e5 22. fxe5 fxe5 23. Raf1 Qd8 24. Rf7+ Kg8 25. Qf3 Be8 26. Rf8+ Kg7 27. Rg8+ Kh6 28. Qf8+ 1-0

[Event "Graz op-B"]
[Site "Graz"]
[Date "2008.08.30"]
[Round "1"]
[White "Pucher, Michael"]
[Black "Heinisch, Wolfgang"]
[Result "1-0"]
[WhiteElo "1969"]
[BlackElo "1810"]
[PlyCount "57"]
[EventDate "2008.08.30"]
[EventType "swiss"]
[EventRounds "9"]
[EventCountry "AUT"]
[SourceTitle "EXT 2022"]
[Source "ChessBase"]
[SourceDate "2021.10.06"]
[SourceVersion "1"]
[SourceVersionDate "2021.10.06"]
[SourceQuality "1"]

1. d4 Nf6 2. Nf3 g6 3. Nbd2 Bg7 4. e3 d6 5. Bd3 0-0 6. c3 c6 7. 0-0 Re8 8. Qc2 e5 9. h3 exd4 10. exd4 a5 11. a4 Na6 12. Nc4 Be6 13. Bg5 Bxc4 14. Bxc4 Qd7 15. Bf4 Nc7 16. Bd3 Ne6 17. Bh2 Nd5 18. Qd2 Ndc7 19. Ng5 Nxg5 20. Qxg5 Ne6 21. Qg3 Bf8 22. f4 b5 23. axb5 cxb5 24. f5 Nd8 25. fxg6 fxg6 26. Bxg6 hxg6 27. Qxg6+ Bg7 28. Bxd6 Re6 29. Rf8# 1-0